Brand Logos That Start with K - Statistics

General Stats
  • This quiz has been taken 4,295 times
  • The average score is 9 of 20
Answer Stats
Picture Answer % Correct
KFC
97%
Kit Kat
91%
Kelloggs
78%
Kia
77%
Krispy Kreme
72%
Kodak
64%
Kleenex
58%
Kraft
57%
Kinder
50%
Kappa
44%
KLM
43%
Kmart
30%
Klarna
27%
Kroger
22%
KPMG
17%
Kirin
10%
Kenwood
7%
Konami
7%
K-Way
4%
Kimberly-Clark
2%
No matching quizzes found
Score Distribution
Percent of People with Each Score
Percentile by Number Answered
Your Score History
You have not taken this quiz